[Event "8th EUR-ch"]
[Site "Dresden GER"]
[Date "2007.04.11"]
[Round "8.85"]
[White "Urban, Klaudiusz"]
[Black "Cao, Sang"]
[Result "0-1"]
[WhiteElo "2464"]
[BlackElo "2548"]
[EventDate "2007.04.03"]
[PlyCount "118"]

1.d4 Nf6 2.c4 e6 3.Nc3 Bb4 4.e3 Bxc3+ 5.bxc3 b6 6.Bd3 Bb7 7.f3 d6 8.Ne2 
Nc6 9.e4 Qe7 10.Be3 h6 11.O-O e5 12.Ng3 O-O-O 13.f4 exf4 14.Rxf4 Rdg8 15.
Qf3 Qd8 16.Rf1 Kb8 17.Qe2 Bc8 18.Nf5 Nd7 19.Bc1 f6 20.Qb2 h5 21.c5 dxc5 
22.Bc4 g5 23.Bxg8 Rxg8 24.R4f2 Bb7 25.Ne3 Qe8 26.dxc5 Nxc5 27.Nd5 Nxe4 28.
Nxf6 Nxf6 29.Rxf6 a6 30.Qf2 Ka7 31.Rf8 Rxf8 32.Qxf8 Qe5 33.Qf6 Qb5 34.Kh1 
Ne5 35.Qxg5 Qc4 36.Kg1 Qxa2 37.h3 Nd3 38.Bf4 Qc4 39.Bd2 h4 40.Qg4 Qc5+ 41.
Qd4 Qc6 42.Rf3 Nc5 43.Qxh4 Qd6 44.Bf4 Qd7 45.Re3 a5 46.Re7 Qd5 47.Qg5 Qd1+
48.Kh2 a4 49.Bxc7 a3 50.Qg6 Qb3 51.c4 a2 52.Be5 Qxc4 53.Qg7 Ka6 54.Bd4 Qf1
55.Rf7 Qd1 56.Qf6 Qc2 57.Qg7 Qb1 58.Rf3 Kb5 59.Ra3 Qc2 0-1

[Event "8th EUR-ch"]
[Site "Dresden GER"]
[Date "2007.04.11"]
[Round "8.86"]
[White "Baramidze, David"]
[Black "Durarbeyli, Vasif"]
[Result "1-0"]
[WhiteElo "2543"]
[BlackElo "2368"]
[EventDate "2007.04.03"]
[PlyCount "64"]

1.e4 c5 2.b3 Nc6 3.Bb2 d6 4.Bb5 e5 5.f4 exf4 6.Nf3 Nf6 7.O-O Be7 8.e5 dxe5
9.Nxe5 Qc7 10.Na3 O-O 11.Bxc6 bxc6 12.Rxf4 Nd5 13.Re4 Bf5 14.Re1 Rae8 15.
Qf3 Bg6 16.Nxg6 fxg6 17.Qg4 Nf4 18.Nc4 Bd6 19.Kh1 Qd8 20.g3 h5 21.Rxe8 
Qxe8 22.Nxd6 Qe7 23.Qf3 Nh3 24.Qc3 Rf2 25.Qc4+ Kh7 26.Ne4 Qf8 27.Qd3 Qf5 
28.Qe3 Rf3 29.Qe2 Qg4 30.d3 h4 31.Rf1 Rxf1+ 32.Qxf1 Qd7 1-0

[Event "8th EUR-ch"]
[Site "Dresden GER"]
[Date "2007.04.11"]
[Round "8.87"]
[White "Pert, Richard"]
[Black "Dizdar, Goran"]
[Result "1/2-1/2"]
[WhiteElo "2455"]
[BlackElo "2543"]
[EventDate "2007.04.03"]
[PlyCount "24"]

1.d4 e6 2.Nf3 Nf6 3.c4 d5 4.Nc3 Bb4 5.Bg5 h6 6.Bxf6 Qxf6 7.e3 O-O 8.Rc1 
dxc4 9.Bxc4 c5 10.O-O cxd4 11.Nxd4 Bd7 12.Qb3 Nc6 1/2-1/2

[Event "8th EUR-ch"]
[Site "Dresden GER"]
[Date "2007.04.11"]
[Round "8.88"]
[White "Neverov, Valeriy"]
[Black "Armbrust, Florian"]
[Result "1-0"]
[WhiteElo "2540"]
[BlackElo "2255"]
[EventDate "2007.04.03"]
[PlyCount "73"]

1.Nf3 d6 2.d4 Nf6 3.c4 g6 4.g3 Bg7 5.Bg2 O-O 6.O-O Nbd7 7.Qc2 e5 8.Rd1 Qe7
9.Nc3 c6 10.b3 Re8 11.e4 exd4 12.Nxd4 Nc5 13.f3 a5 14.Rb1 h5 15.Bg5 Qc7 
16.Qd2 Nh7 17.Be3 Rd8 18.a3 a4 19.b4 Nb3 20.Qc2 Nxd4 21.Bxd4 Bxd4+ 22.Rxd4
Be6 23.Nxa4 b5 24.cxb5 Qa7 25.Rd1 cxb5 26.Nc5 Re8 27.Rxd6 Qxa3 28.Qd2 Nf8 
29.f4 Bg4 30.Re1 Ne6 31.Nxe6 Bxe6 32.f5 Qa7+ 33.Kh1 gxf5 34.Qg5+ Kf8 35.
exf5 Bc4 36.Qh6+ Kg8 37.f6 1-0

[Event "8th EUR-ch"]
[Site "Dresden GER"]
[Date "2007.04.11"]
[Round "8.92"]
[White "Banusz, Tamas"]
[Black "Buhmann, Rainer"]
[Result "0-1"]
[WhiteElo "2463"]
[BlackElo "2581"]
[EventDate "2007.04.03"]
[PlyCount "174"]

1.d4 d5 2.c4 c6 3.Nf3 Nf6 4.Nc3 e6 5.Bg5 dxc4 6.a4 b5 7.axb5 cxb5 8.Nxb5 
Qb6 9.Nc3 Qxb2 10.Bd2 Nd5 11.Nxd5 exd5 12.Rb1 Qa3 13.e4 Bd6 14.Rb5 O-O 15.
Ra5 Qb2 16.Rxd5 Bb4 17.Bxc4 Bg4 18.Rb5 Bxd2+ 19.Nxd2 Qxb5 20.Qxg4 Qb2 21.
Bd5 Nc6 22.O-O Qxd2 23.Bxc6 Rab8 24.Qd1 Qc3 25.d5 Rb4 26.g3 Rxe4 27.Qa1 
Qc5 28.Rc1 Qb6 29.Rb1 Rb4 30.Rxb4 Qxb4 31.Qxa7 Qe1+ 32.Kg2 Qe4+ 33.Kg1 
Qe1+ 34.Kg2 Qe4+ 35.Kg1 Qe5 36.Kg2 Rb8 37.Qa4 g6 38.Qf4 Qxf4 39.gxf4 Kf8 
40.Kg3 Ke7 41.f3 Rb4 42.Ba8 Rd4 43.Bc6 Kf6 44.h4 Rd1 45.Bb7 Rg1+ 46.Kf2 
Rc1 47.Kg3 Rc2 48.Bc6 Rd2 49.Bb7 Kg7 50.Bc6 f5 51.Kh3 Kh6 52.Kg3 Kh5 53.
Bb7 Rd1 54.Bc6 Rg1+ 55.Kh2 Rc1 56.Kg3 Rh1 57.d6 Rg1+ 58.Kh3 Rd1 59.d7 Rd2 
60.Kg3 Kh6 61.Bb5 Kg7 62.Bc6 Kf6 63.Bb5 Ke7 64.Ba4 Rd4 65.Bb5 Rb4 66.Bc6 
h5 67.Bd5 Kxd7 68.Bf7 Rb6 69.Kg2 Rf6 70.Bc4 Kd6 71.Bb5 Re6 72.Kf2 Kc5 73.
Ba4 Kc4 74.Bd7 Re7 75.Bc6 Kd3 76.Bb5+ Kd2 77.Bc4 Kc3 78.Bb5 Kd4 79.Ba4 Rb7
80.Be8 Rb2+ 81.Kg3 Rb8 82.Bf7 Rb7 83.Be8 Re7 84.Ba4 Ke3 85.Bc6 Rc7 86.Be8 
Rc1 87.Kg2 Rc8 0-1

[Event "8th EUR-ch"]
[Site "Dresden GER"]
[Date "2007.04.11"]
[Round "8.94"]
[White "Halkias, Stelios"]
[Black "Paehtz, Thomas"]
[Result "1-0"]
[WhiteElo "2569"]
[BlackElo "2427"]
[EventDate "2007.04.03"]
[PlyCount "41"]

1.d4 e6 2.Nf3 f5 3.g3 b6 4.Bg2 Bb7 5.O-O Nf6 6.c4 g6 7.b3 Bg7 8.Ba3 c5 9.
dxc5 Ne4 10.Nbd2 bxc5 11.Nxe4 fxe4 12.Nd2 d5 13.Rb1 Na6 14.b4 cxb4 15.Bxb4
Nxb4 16.Rxb4 Bc6 17.Qc2 Qd6 18.cxd5 exd5 19.Nxe4 dxe4 20.Rd1 Qe6 21.Bh3 
1-0

[Event "8th EUR-ch"]
[Site "Dresden GER"]
[Date "2007.04.11"]
[Round "8.95"]
[White "Saric, Ivan"]
[Black "Kotanjian, Tigran"]
[Result "0-1"]
[WhiteElo "2463"]
[BlackElo "2560"]
[EventDate "2007.04.03"]
[PlyCount "68"]

1.e4 c5 2.Nf3 d6 3.d4 cxd4 4.Nxd4 Nf6 5.Nc3 a6 6.Be3 e6 7.f3 b5 8.Qd2 Nbd7
9.g4 b4 10.Na4 h6 11.O-O-O Ne5 12.Qxb4 Bd7 13.Nb3 Rb8 14.Bb6 Qc8 15.Qa5 
Qc6 16.Rd4 Nxf3 17.Rc4 Qa8 18.Bc7 Rb5 19.Nb6 Qb7 20.Nxd7 Rxa5 21.Nxf6+ 
gxf6 22.Bxa5 Ne5 23.Rb4 Qa8 24.Ra4 Qc6 25.Rb4 Bg7 26.Nd2 O-O 27.Rb6 Qc5 
28.Rxa6 Rc8 29.Bc3 Qe3 30.Bb5 Nf3 31.Rd1 f5 32.Bxg7 Kxg7 33.gxf5 Nd4 34.
Ba4 Qd3 0-1

[Event "8th EUR-ch"]
[Site "Dresden GER"]
[Date "2007.04.11"]
[Round "8.96"]
[White "Hunt, Adam"]
[Black "Oleksienko, Mikhailo"]
[Result "1/2-1/2"]
[WhiteElo "2461"]
[BlackElo "2560"]
[EventDate "2007.04.03"]
[PlyCount "85"]

1.e4 c5 2.Nf3 e6 3.d4 cxd4 4.Nxd4 a6 5.Bd3 Ne7 6.O-O Nbc6 7.Nb3 Ng6 8.Nc3 
Be7 9.f4 d6 10.Qh5 b5 11.Be3 Bf6 12.Rad1 Qc7 13.a3 Rb8 14.f5 Nge5 15.fxe6 
Bxe6 16.Nd5 Bxd5 17.exd5 Ne7 18.Be4 g6 19.Qh3 Bg7 20.Bh6 O-O 21.Bxg7 Kxg7 
22.Nd4 Ng8 23.Rf4 b4 24.Kh1 bxa3 25.Qxa3 Nf6 26.Rdf1 Nh5 27.Rh4 Qc4 28.Rd1
Nf6 29.Qxd6 Neg4 30.Bf3 Rfe8 31.Qg3 h5 32.h3 Rh8 33.hxg4 hxg4 34.Be2 Rxh4+
35.Qxh4 Qxd5 36.Kg1 Rh8 37.Qg3 Qh5 38.Ne6+ fxe6 39.Qc7+ Kh6 40.Qf4+ Kg7 
41.Qc7+ Kh6 42.Qf4+ Kg7 43.Qc7+ 1/2-1/2

[Event "8th EUR-ch"]
[Site "Dresden GER"]
[Date "2007.04.11"]
[Round "8.97"]
[White "Godena, Michele"]
[Black "Sanikidze, Tornike"]
[Result "1-0"]
[WhiteElo "2558"]
[BlackElo "2426"]
[EventDate "2007.04.03"]
[PlyCount "67"]

1.e4 c6 2.d4 d5 3.Nd2 dxe4 4.Nxe4 Bf5 5.Ng3 Bg6 6.Nf3 Nd7 7.Bd3 e6 8.O-O 
Ngf6 9.Re1 Qc7 10.c4 Be7 11.b3 O-O 12.Bxg6 hxg6 13.Qc2 Rfe8 14.Bb2 Rad8 
15.Rad1 Bd6 16.Ne4 Nxe4 17.Rxe4 Nf6 18.Re2 b5 19.c5 Be7 20.Bc1 Rd5 21.g3 
Red8 22.Bf4 Qb7 23.Rde1 Nd7 24.h4 a5 25.Kg2 b4 26.Qc4 Bf6 27.Bd6 Nb6 28.
Qc1 Nc8 29.Be5 Bxe5 30.Rxe5 Ne7 31.Qf4 Qd7 32.Rxd5 Qxd5 33.Qc7 Nf5 34.Re5 
1-0

[Event "8th EUR-ch"]
[Site "Dresden GER"]
[Date "2007.04.11"]
[Round "8.99"]
[White "Skoberne, Jure"]
[Black "Novikov, Stanislav"]
[Result "1-0"]
[WhiteElo "2440"]
[BlackElo "2556"]
[EventDate "2007.04.03"]
[PlyCount "117"]

1.c4 g6 2.d4 Bg7 3.Nf3 d6 4.Nc3 Nf6 5.e4 O-O 6.Be2 Na6 7.O-O c6 8.Re1 Nc7 
9.h3 Nd7 10.Qc2 e5 11.Be3 Qe7 12.Rad1 Re8 13.Bf1 b6 14.b4 Bb7 15.d5 c5 16.
a3 Rf8 17.Bd3 h6 18.Rb1 Bc8 19.Ne2 cxb4 20.axb4 a5 21.bxa5 bxa5 22.Qd2 Kh7
23.Ra1 a4 24.Bc2 a3 25.c5 f5 26.exf5 gxf5 27.Ng3 e4 28.cxd6 Qxd6 29.Bf4 
Qb6 30.Rab1 Qa7 31.Nxf5 Rxf5 32.Nh4 Nf6 33.Nxf5 Bxf5 34.d6 Ncd5 35.Be5 a2 
36.Ra1 Qa3 37.Re2 Nb4 38.Qf4 Bg6 39.Qh4 Rf8 40.d7 Nc6 41.Qg3 Qa5 42.Bc3 
Nh5 43.Qxg6+ Kxg6 44.Bxa5 Bxa1 45.Bxe4+ Kf6 46.Bxc6 Bb2 47.d8=Q+ Rxd8 48.
Bxd8+ Kg7 49.Re7+ Kf8 50.Ra7 a1=Q+ 51.Rxa1 Bxa1 52.g3 Ng7 53.Bd7 Bd4 54.
Kg2 Kf7 55.f4 Bc3 56.Kf3 Kg6 57.g4 Kf7 58.Ke4 Bd2 59.h4 1-0

[Event "8th EUR-ch"]
[Site "Dresden GER"]
[Date "2007.04.11"]
[Round "8.100"]
[White "Georgiadis, Ioannis"]
[Black "Anastasian, Ashot"]
[Result "0-1"]
[WhiteElo "2413"]
[BlackElo "2552"]
[EventDate "2007.04.03"]
[PlyCount "102"]

1.e4 c6 2.d4 d5 3.Nc3 dxe4 4.Nxe4 Nd7 5.Ng5 Ngf6 6.Bd3 h6 7.Ne6 Qb6 8.Nf3 
c5 9.Nxc5 Nxc5 10.dxc5 Qxc5 11.O-O e6 12.Qe2 Be7 13.Be3 Qc7 14.Bb5+ Bd7 
15.Rfd1 O-O 16.Bxd7 Nxd7 17.c4 Rfd8 18.Rac1 b6 19.Nd4 Nf6 20.a3 a5 21.Nb5 
Qc6 22.b3 Bc5 23.Bxc5 bxc5 24.f3 Kf8 25.Kf1 Ke7 26.Qe1 Qb6 27.Qg3 Ne8 28.
Qe5 Nd6 29.Rxd6 Rxd6 30.Qxg7 Rd3 31.Qxh6 Rg8 32.Qh7 Qd8 33.Qh4+ Ke8 34.
Qxd8+ Kxd8 35.Nc3 Rd2 36.g4 Rh8 37.Ne4 Rb2 38.Rd1+ Ke7 39.Nxc5 Rhxh2 40.
Kg1 Rbg2+ 41.Kf1 Ra2 42.Kg1 Rhg2+ 43.Kh1 Rgf2 44.b4 Rxf3 45.b5 Rfxa3 46.b6
Ra1 47.Rg1 Rxg1+ 48.Kxg1 Kd6 49.Na6 Kc6 50.c5 Kb7 51.Nc7 Rc3 0-1

[Event "8th EUR-ch"]
[Site "Dresden GER"]
[Date "2007.04.11"]
[Round "8.102"]
[White "Danilov, Ilie-Vladimir"]
[Black "Chuchelov, Vladimir"]
[Result "0-1"]
[WhiteElo "2405"]
[BlackElo "2539"]
[EventDate "2007.04.03"]
[PlyCount "120"]

1.b3 e5 2.Bb2 d6 3.d4 Nd7 4.Nc3 Ngf6 5.e3 c6 6.Qd2 Be7 7.Nge2 O-O 8.Ng3 
Re8 9.Be2 d5 10.dxe5 Nxe5 11.O-O Bb4 12.a3 Ba5 13.b4 Bc7 14.h3 Ng6 15.Rad1
Qe7 16.Rde1 Bxg3 17.fxg3 Qxe3+ 18.Qxe3 Rxe3 19.Bd3 Rxe1 20.Rxe1 Bd7 21.Kf2
Kf8 22.Bc1 Re8 23.a4 b6 24.a5 Be6 25.Na4 Nd7 26.Bxg6 hxg6 27.Bf4 Ke7 28.c3
Rc8 29.g4 Ra8 30.Be3 Kd8 31.Ke2 Kc7 32.Bd4 f6 33.Kd2 Re8 34.Bf2 Kb7 35.Ra1
Bf7 36.axb6 axb6 37.Nb2 g5 38.Re1 Ne5 39.Nd3 Nc4+ 40.Kd1 Rxe1+ 41.Kxe1 Bg6
42.Nc1 Be4 43.Kf1 Nd2+ 44.Kg1 Nb1 45.Be1 Ka6 46.Nb3 Kb5 47.Kf2 Nxc3 48.
Bxc3 Kc4 49.Bd4 Kxb3 50.Bxb6 Kxb4 51.g3 c5 52.h4 d4 53.hxg5 fxg5 54.Ke1 
Kc4 55.Kd2 Kd5 56.Kc1 c4 57.Kb2 Bf3 58.Bd8 c3+ 59.Kb3 Kc5 60.Be7+ Kb5 0-1

[Event "8th EUR-ch"]
[Site "Dresden GER"]
[Date "2007.04.11"]
[Round "8.103"]
[White "Heberla, Bartlomiej"]
[Black "Kuba, Guenter"]
[Result "1-0"]
[WhiteElo "2533"]
[BlackElo "2403"]
[EventDate "2007.04.03"]
[PlyCount "107"]

1.c4 Nf6 2.g3 e6 3.Bg2 d5 4.Nf3 Be7 5.O-O O-O 6.d4 Nbd7 7.Qc2 c6 8.Nbd2 b6
9.e4 Bb7 10.e5 Ne8 11.cxd5 cxd5 12.Re1 Rc8 13.Qd1 Qc7 14.Nf1 Qc2 15.Qxc2 
Rxc2 16.Ne3 Rc8 17.Bd2 Nc7 18.Rac1 Na6 19.Bf1 Rxc1 20.Rxc1 Rc8 21.Rb1 Nb4 
22.a3 Nc6 23.b4 f6 24.exf6 Bxf6 25.Ng4 Kf7 26.Nxf6 gxf6 27.a4 Ne7 28.a5 
bxa5 29.bxa5 Bc6 30.Re1 Rb8 31.Bh3 Nf8 32.Bh6 Bd7 33.Rc1 Nc6 34.a6 Rb6 35.
Bf1 Ng6 36.h4 Bc8 37.Ra1 Nb4 38.Bd2 Nxa6 39.Bd3 Kg7 40.Kg2 Ne7 41.g4 Nc6 
42.Rc1 Bd7 43.g5 f5 44.h5 Be8 45.g6 Nab4 46.Be2 h6 47.Bd1 Nd3 48.Rc3 Nb2 
49.Be2 a5 50.Bf4 Rb7 51.Ba6 Rb6 52.Bc8 a4 53.Bxe6 Rb3 54.Rxc6 1-0

[Event "8th EUR-ch"]
[Site "Dresden GER"]
[Date "2007.04.11"]
[Round "8.104"]
[White "Can, Emre"]
[Black "Rogozenko, Dorian"]
[Result "1/2-1/2"]
[WhiteElo "2404"]
[BlackElo "2528"]
[EventDate "2007.04.03"]
[PlyCount "74"]

1.e4 c5 2.Nf3 e6 3.c3 d5 4.exd5 Qxd5 5.d4 Nf6 6.Be2 Nc6 7.O-O cxd4 8.cxd4 
Be7 9.Nc3 Qd6 10.Nb5 Qd8 11.Bf4 Nd5 12.Bg3 a6 13.Nc3 O-O 14.Rc1 Nf6 15.a3 
b6 16.Bc4 Bb7 17.Qd3 Nh5 18.Rfd1 Nxg3 19.hxg3 Bf6 20.Ne4 Qe7 21.d5 exd5 
22.Bxd5 Rad8 23.Qb3 Na5 24.Qxb6 Rxd5 25.Rxd5 Bxd5 26.Nxf6+ Qxf6 27.Qxa5 
Qxb2 28.Rc7 Qb1+ 29.Kh2 Qa2 30.Nd4 Be4 31.f3 Bd3 32.Qc3 Bf1 33.Nc2 Qe6 34.
Kg1 Bb5 35.Nd4 Qb6 36.Rc8 Bd7 37.Rxf8+ Kxf8 1/2-1/2

[Event "8th EUR-ch"]
[Site "Dresden GER"]
[Date "2007.04.11"]
[Round "8.105"]
[White "Sulskis, Sarunas"]
[Black "Zude, Erik"]
[Result "1-0"]
[WhiteElo "2528"]
[BlackElo "2401"]
[EventDate "2007.04.03"]
[PlyCount "56"]

1.e4 e6 2.d4 d5 3.Nc3 Nf6 4.Bg5 Be7 5.e5 Nfd7 6.Bxe7 Qxe7 7.f4 O-O 8.Qd2 
c5 9.dxc5 f6 10.exf6 Qxf6 11.g3 Nxc5 12.O-O-O Nc6 13.Nf3 Rd8 14.Bd3 Bd7 
15.Rhe1 Rac8 16.Kb1 a6 17.Qf2 Nxd3 18.Rxd3 b5 19.Ne2 e5 20.Nc3 d4 21.Ne4 
Qe6 22.Nxe5 Qd6 23.Rd2 b4 24.Nxc6 Qxc6 25.Rxd4 a5 26.Re2 h5 27.Kc1 h4 28.
b3 hxg3 1-0

[Event "8th EUR-ch"]
[Site "Dresden GER"]
[Date "2007.04.11"]
[Round "8.106"]
[White "Erdogdu, Mert"]
[Black "David, Alberto"]
[Result "0-1"]
[WhiteElo "2401"]
[BlackElo "2525"]
[EventDate "2007.04.03"]
[PlyCount "52"]

1.e4 e5 2.Nf3 Nc6 3.Bb5 a6 4.Ba4 Nf6 5.Qe2 b5 6.Bb3 Bc5 7.c3 d6 8.d3 h6 9.
h3 Be6 10.Nbd2 O-O 11.g4 d5 12.a3 Qd7 13.Nh4 dxe4 14.dxe4 Ne7 15.Bxe6 Qxe6
16.Nf5 Ng6 17.Nf1 Rad8 18.N1g3 Nf4 19.Bxf4 exf4 20.Nh5 Nxh5 21.gxh5 Rfe8 
22.f3 Rd5 23.Nh4 f5 24.Ng6 fxe4 25.Kf1 Rg5 26.b4 Qxh3+ 0-1

[Event "8th EUR-ch"]
[Site "Dresden GER"]
[Date "2007.04.11"]
[Round "8.107"]
[White "Pert, Nicholas"]
[Black "Richter, Michael"]
[Result "1-0"]
[WhiteElo "2525"]
[BlackElo "2396"]
[EventDate "2007.04.03"]
[PlyCount "99"]

1.d4 e6 2.c4 Nf6 3.Nf3 d5 4.Nc3 Bb4 5.Bg5 h6 6.Bxf6 Qxf6 7.e3 O-O 8.Rc1 
Nd7 9.cxd5 exd5 10.a3 Bxc3+ 11.Rxc3 c6 12.Bd3 Nb6 13.Qb1 Be6 14.O-O Nc8 
15.b4 a6 16.a4 Nd6 17.Ne5 g6 18.Rfc1 Bf5 19.Bxf5 Qxf5 20.Qxf5 gxf5 21.g3 
a5 22.Rb3 axb4 23.Rxb4 Ra5 24.Nd7 Rd8 25.Nc5 b5 26.axb5 cxb5 27.Rcb1 Ra2 
28.Nd3 Rc8 29.R4b2 Rc2 30.Rxa2 Rxa2 31.Nb4 Rd2 32.Nxd5 Kg7 33.Nc3 Rc2 34.
Nxb5 Ne4 35.d5 Rxf2 36.Nd6 Re2 37.Nxf5+ Kf6 38.Nxh6 Nd2 39.Rb6+ Ke5 40.
Nxf7+ Kxd5 41.Rd6+ Ke4 42.Ng5+ Kf5 43.Rd5+ Kg4 44.e4 Nc4 45.Ne6 Ra2 46.
Rg5+ Kf3 47.Rf5+ Ke3 48.Ng5 Nd2 49.e5 Ra5 50.g4 1-0

[Event "8th EUR-ch"]
[Site "Dresden GER"]
[Date "2007.04.11"]
[Round "8.108"]
[White "Sorokin, Maxim"]
[Black "Degtiarev, Evgeny"]
[Result "1-0"]
[WhiteElo "2517"]
[BlackElo "2391"]
[EventDate "2007.04.03"]
[PlyCount "93"]

1.d4 d5 2.c4 c6 3.Nf3 Nf6 4.Nc3 a6 5.c5 Bg4 6.Ne5 Be6 7.Bf4 Nbd7 8.e3 Nxe5
9.Bxe5 Nd7 10.Bg3 g6 11.Bd3 Bg7 12.Qc2 f5 13.b4 Bf7 14.f4 O-O 15.Bh4 Bf6 
16.Bf2 Bg7 17.a4 Nf6 18.h3 Ne4 19.Bh4 a5 20.Nxe4 dxe4 21.Bc4 axb4 22.O-O 
Ra7 23.Rab1 b6 24.Rxb4 bxc5 25.Bxf7+ Kxf7 26.Qxc5 Qd7 27.a5 Rfa8 28.Ra1 
Qd6 29.Qxd6 exd6 30.Rc1 Rc8 31.Be1 c5 32.Rb6 Bf8 33.d5 Ke7 34.Bc3 Kd7 35.
Rcb1 Be7 36.a6 Rca8 37.Rb7+ Ke8 38.Rxa7 Rxa7 39.Rb6 Kd8 40.Ba5 Kc8 41.Kf2 
c4 42.Ke2 c3 43.Bxc3 Kd7 44.Ba5 Bd8 45.Rb7+ Rxb7 46.axb7 Bc7 47.Bb6 1-0

[Event "8th EUR-ch"]
[Site "Dresden GER"]
[Date "2007.04.11"]
[Round "8.110"]
[White "Starostits, Ilmars"]
[Black "Vuilleumier, Alexandre"]
[Result "0-1"]
[WhiteElo "2507"]
[BlackElo "2343"]
[EventDate "2007.04.03"]
[PlyCount "106"]

1.e4 e5 2.Nf3 Nc6 3.Nc3 Nf6 4.a3 d5 5.Bb5 Nxe4 6.O-O Bd6 7.Nxd5 O-O 8.d3 
Nc5 9.b4 Ne6 10.Bc4 Ncd4 11.c3 Nxf3+ 12.Qxf3 Qh4 13.Qg3 Qxg3 14.hxg3 Rd8 
15.Ra2 c6 16.Ne3 Nc7 17.f4 Be6 18.Bxe6 Nxe6 19.Nc4 Bc7 20.Rf3 a5 21.Nxe5 
axb4 22.cxb4 Nd4 23.Rf1 Bxe5 24.fxe5 Nb3 25.a4 Rxd3 26.Bf4 h6 27.Rf3 Rad8 
28.Kf2 g5 29.Rxd3 Rxd3 30.Be3 Nd4 31.g4 Ne6 32.Rb2 Ra3 33.a5 Kf8 34.Kf3 
Ke7 35.Ke4 Nc7 36.Rb1 Nd5 37.Bc5+ Ke6 38.Rh1 Nc3+ 39.Kd3 Nb5+ 40.Ke2 Nc3+ 
41.Kd3 Nb5+ 42.Ke2 Kxe5 43.Rxh6 Nc3+ 44.Ke1 Ra1+ 45.Kf2 Ne4+ 46.Kf3 Nxc5 
47.bxc5 Ra3+ 48.Kf2 Rxa5 49.Rh5 Kf6 50.Rh6+ Kg7 51.Rd6 Rxc5 52.Ke3 Rc4 53.
Kf3 b5 0-1

[Event "8th EUR-ch"]
[Site "Dresden GER"]
[Date "2007.04.11"]
[Round "8.111"]
[White "Dgebuadze, Alexandre"]
[Black "Paehtz, Thomas jr"]
[Result "1-0"]
[WhiteElo "2510"]
[BlackElo "2318"]
[EventDate "2007.04.03"]
[PlyCount "81"]

1.e4 e6 2.d4 d5 3.e5 c5 4.c3 Nc6 5.Nf3 Qb6 6.a3 Nh6 7.b4 cxd4 8.Bxh6 gxh6 
9.cxd4 Bd7 10.Be2 Rc8 11.O-O Bg7 12.Qd3 f6 13.b5 Na5 14.exf6 Bxf6 15.Nbd2 
Nc4 16.Nxc4 dxc4 17.Qe3 O-O 18.a4 Be8 19.Rac1 c3 20.Rxc3 Rxc3 21.Qxc3 Bh5 
22.a5 Qd6 23.Qc5 Qxc5 24.dxc5 Bc3 25.Rc1 Bxa5 26.Ra1 Bb4 27.Rxa7 Bxc5 28.
Rxb7 Ra8 29.Rc7 Ra1+ 30.Bf1 Bxf3 31.gxf3 Bd4 32.Rd7 Bc5 33.Kg2 Ra7 34.Rd8+
Kf7 35.Rc8 Bd4 36.Bc4 Ke7 37.Rc6 e5 38.Rxh6 Kf8 39.Rc6 Rb7 40.Kf1 Kg7 41.
Ke2 1-0

[Event "8th EUR-ch"]
[Site "Dresden GER"]
[Date "2007.04.11"]
[Round "8.112"]
[White "Rocha, Sergio"]
[Black "Stanojoski, Zvonko"]
[Result "1/2-1/2"]
[WhiteElo "2400"]
[BlackElo "2504"]
[EventDate "2007.04.03"]
[PlyCount "87"]

1.e4 c5 2.Nf3 Nc6 3.d4 cxd4 4.Nxd4 e5 5.Nb5 a6 6.Nd6+ Bxd6 7.Qxd6 Qf6 8.
Qxf6 Nxf6 9.Nc3 Nb4 10.Bd3 b5 11.Bg5 Nxd3+ 12.cxd3 Bb7 13.Rc1 Ng8 14.Ke2 
f6 15.Be3 Ne7 16.Nb1 Kf7 17.Rc5 Rhc8 18.Rhc1 Rxc5 19.Rxc5 Bc6 20.Nd2 d6 
21.Rc1 Ke6 22.f3 Kd7 23.g3 a5 24.d4 exd4 25.Bxd4 a4 26.a3 Rf8 27.Ke3 Re8 
28.Kd3 Ng6 29.Nb1 Ne5+ 30.Bxe5 Rxe5 31.Nc3 f5 32.Kd4 fxe4 33.fxe4 Rh5 34.
Rc2 Rc5 35.Rf2 Ke7 36.h4 Rc4+ 37.Kd3 Rc5 38.g4 Bd7 39.g5 Be6 40.Kd4 Rc4+ 
41.Kd3 Rc5 42.Kd4 Rc4+ 43.Kd3 Rc5 44.Kd4 1/2-1/2

[Event "8th EUR-ch"]
[Site "Dresden GER"]
[Date "2007.04.11"]
[Round "8.116"]
[White "Ragger, Markus"]
[Black "Schlawin, Marlon"]
[Result "1-0"]
[WhiteElo "2498"]
[BlackElo "2306"]
[EventDate "2007.04.03"]
[PlyCount "33"]

1.e4 e6 2.d4 d5 3.Nc3 Nf6 4.e5 Nfd7 5.f4 c5 6.Nf3 Qb6 7.Be3 a6 8.a3 Qa7 9.
g3 Nc6 10.Bg2 cxd4 11.Nxd4 Nxd4 12.Bxd4 Bc5 13.Ne2 Nb8 14.c4 dxc4 15.Rc1 
Bxd4 16.Qxd4 b5 17.Qe4 1-0

[Event "8th EUR-ch"]
[Site "Dresden GER"]
[Date "2007.04.11"]
[Round "8.117"]
[White "Grooten, Herman"]
[Black "Simacek, Pavel"]
[Result "1-0"]
[WhiteElo "2379"]
[BlackElo "2495"]
[EventDate "2007.04.03"]
[PlyCount "91"]

1.d4 Nf6 2.c4 e6 3.Nf3 d5 4.Nc3 Nbd7 5.cxd5 exd5 6.Bg5 c6 7.e3 Be7 8.Bd3 
O-O 9.Qc2 Re8 10.O-O Nf8 11.Rab1 a6 12.b4 Ne4 13.Bxe7 Qxe7 14.Bxe4 dxe4 
15.Nd2 Bf5 16.Nc4 Qg5 17.Nd6 Bh3 18.f4 exf3 19.Rxf3 Bg4 20.Nce4 Qg6 21.Rg3
Re7 22.h3 f5 23.Qc5 Nd7 24.Qc4+ Kh8 25.Rf1 Nb6 26.Qb3 Nd5 27.hxg4 fxe4 28.
Nc4 Rf7 29.Rxf7 Qxf7 30.Ne5 Qe7 31.a3 Kg8 32.Qb1 a5 33.b5 Qxa3 34.bxc6 Nc3
35.cxb7 Rb8 36.Qb6 Ne2+ 37.Kh2 Qe7 38.Qc6 Nxg3 39.Qc8+ Qe8 40.Qc4+ Kf8 41.
Qc5+ Kg8 42.Qd5+ Kf8 43.Nd7+ Ke7 44.Nxb8 Nf1+ 45.Kg1 Qxb8 46.Qe5+ 1-0

[Event "8th EUR-ch"]
[Site "Dresden GER"]
[Date "2007.04.11"]
[Round "8.118"]
[White "Sowray, Peter"]
[Black "Iotov, Valentin"]
[Result "0-1"]
[WhiteElo "2317"]
[BlackElo "2491"]
[EventDate "2007.04.03"]
[PlyCount "116"]

1.d4 Nf6 2.c4 e6 3.Bg5 Bb4+ 4.Nd2 h6 5.Bh4 g5 6.Bg3 Ne4 7.Nf3 c5 8.dxc5 
Qf6 9.Qb3 Nc6 10.O-O-O Nxc5 11.Qe3 b6 12.Ne4 Nxe4 13.Qxe4 Bb7 14.e3 O-O-O 
15.Qc2 Bc5 16.Qa4 a5 17.a3 Qe7 18.Nd2 f5 19.Nb3 e5 20.Nxc5 bxc5 21.f3 d6 
22.Bd3 Qf7 23.Be1 Kd7 24.Qb5 Ke6 25.g4 fxg4 26.Be4 Qc7 27.fxg4 Ke7 28.Bc3 
Rb8 29.Bd5 Nd4 30.Qa4 Bxd5 31.cxd5 Ne2+ 32.Kc2 Nxc3 33.bxc3 Qb7 34.Qe4 
Qb2+ 35.Kd3 c4+ 36.Qxc4 Rhc8 37.Rb1 Qg2 38.Rhg1 Rxb1 39.Rxg2 Rd1+ 40.Kc2 
Rxc4 41.Kxd1 Rxc3 42.Kd2 Rxa3 43.Rg1 e4 44.Rb1 Rd3+ 45.Ke2 Rxd5 46.Rb7+ 
Ke6 47.Rh7 Rb5 48.Rxh6+ Kd5 49.Kd2 a4 50.Rg6 Kc4 51.Kc2 a3 52.Rxd6 Rb2+ 
53.Kc1 Rxh2 54.Kb1 Rg2 55.Ka1 Re2 56.Rg6 Rxe3 57.Rxg5 Rg3 58.Ra5 e3 0-1

[Event "8th EUR-ch"]
[Site "Dresden GER"]
[Date "2007.04.11"]
[Round "8.119"]
[White "Cornette, Matthieu"]
[Black "Zesch, Ludwig"]
[Result "1/2-1/2"]
[WhiteElo "2490"]
[BlackElo "2287"]
[EventDate "2007.04.03"]
[PlyCount "67"]

1.e4 c5 2.Nf3 g6 3.d4 Bg7 4.dxc5 Qa5+ 5.Nc3 Bxc3+ 6.bxc3 Qxc3+ 7.Bd2 Qxc5 
8.Bd3 Nf6 9.O-O d6 10.Bh6 Qh5 11.Bg7 Rg8 12.Bxf6 exf6 13.Be2 Qc5 14.Rb1 
Kf8 15.Rb5 Qc7 16.Rd5 Nc6 17.Rxd6 Be6 18.Qd2 Kg7 19.c4 Rgd8 20.c5 Qa5 21.
Qe3 Qxa2 22.h4 h5 23.Rfd1 Rxd6 24.cxd6 Qa5 25.Nd4 Nxd4 26.Qxd4 Qe5 27.Qe3 
f5 28.f4 Qxe4 29.Qc3+ Kh7 30.Bf3 Qxf4 31.Qf6 Qe3+ 32.Kh1 Qb6 33.d7 Qd8 34.
Bxb7 1/2-1/2

[Event "8th EUR-ch"]
[Site "Dresden GER"]
[Date "2007.04.11"]
[Round "8.121"]
[White "Williams, Simon"]
[Black "Vaznonis, Vytautas"]
[Result "1/2-1/2"]
[WhiteElo "2487"]
[BlackElo "2282"]
[EventDate "2007.04.03"]
[PlyCount "141"]

1.d4 d5 2.c4 c6 3.Nc3 Nf6 4.Nf3 dxc4 5.e4 b5 6.e5 Nd5 7.a4 e6 8.Be2 Be7 9.
h4 h6 10.Nd2 Bb7 11.axb5 Nxc3 12.bxc3 cxb5 13.Rb1 Qd7 14.Bf3 Bd5 15.h5 Nc6
16.Ne4 b4 17.cxb4 Nxb4 18.O-O Nd3 19.Nc3 Nxc1 20.Nxd5 exd5 21.Rxc1 O-O 22.
Bg4 Qc6 23.Bf5 Rfb8 24.Qg4 Rb6 25.Rfe1 Qe8 26.e6 Kh8 27.Rc3 Bg5 28.Rc2 g6 
29.Rce2 gxf5 30.Qxf5 Rxe6 31.Rxe6 fxe6 32.Rxe6 Qf8 33.Qxd5 Rc8 34.Rg6 Qe7 
35.Re6 Qc7 36.Rd6 Rd8 37.Qe5+ Qg7 38.Rxd8+ Bxd8 39.Qe8+ Qg8 40.Qe5+ Kh7 
41.Qf5+ Kg7 42.Qg6+ Kf8 43.Qxh6+ Ke7 44.Qd2 Kd7 45.h6 Qd5 46.Qf4 Bb6 47.h7
Bxd4 48.Qg4+ Kd6 49.Qg8 c3 50.h8=Q Bxh8 51.Qxh8 Qd1+ 52.Kh2 Qd2 53.Qb8+ 
Ke6 54.Qc8+ Ke5 55.Qc5+ Ke4 56.Qc4+ Qd4 57.Qe2+ Kd5 58.Qb5+ Qc5 59.Qd3+ 
Kc6 60.Qc2 Qd4 61.g4 Kd5 62.Kg3 Qe5+ 63.Kf3 Qf6+ 64.Ke2 Qe5+ 65.Kd1 Qd4+ 
66.Kc1 Qf4+ 67.Kb1 Qb4+ 68.Ka2 Qxg4 69.Qxc3 Qe2+ 70.Qb2 Qc4+ 71.Qb3 
1/2-1/2

[Event "8th EUR-ch"]
[Site "Dresden GER"]
[Date "2007.04.11"]
[Round "8.122"]
[White "Asauskas, Henrikas"]
[Black "Guliev, Logman"]
[Result "0-1"]
[WhiteElo "2264"]
[BlackElo "2466"]
[EventDate "2007.04.03"]
[PlyCount "38"]

1.e4 c5 2.Nf3 d6 3.d4 cxd4 4.Nxd4 Nf6 5.Nc3 a6 6.Bc4 e6 7.Bb3 b5 8.Bg5 Be7
9.Qf3 Qc7 10.O-O-O Nbd7 11.Bxf6 Nxf6 12.e5 Bb7 13.Qg3 dxe5 14.Bxe6 Nh5 15.
Qg4 exd4 16.Qxh5 Qf4+ 17.Kb1 dxc3 18.Rd4 Qxd4 19.Qxf7+ Kd8 0-1

[Event "8th EUR-ch"]
[Site "Dresden GER"]
[Date "2007.04.11"]
[Round "8.124"]
[White "Damljanovic, Branko"]
[Black "Sievers, Stefan"]
[Result "1-0"]
[WhiteElo "2585"]
[BlackElo "2377"]
[EventDate "2007.04.03"]
[PlyCount "65"]

1.d4 Nf6 2.Nf3 g6 3.c4 c5 4.Nc3 cxd4 5.Nxd4 Nc6 6.e4 d6 7.Be2 Nxd4 8.Qxd4 
Bg7 9.Bg5 O-O 10.Qd2 a6 11.f3 Be6 12.Rc1 Qa5 13.b3 Rfc8 14.Na4 Qxd2+ 15.
Kxd2 Nd7 16.g4 Kf8 17.h4 Rc6 18.Be3 f5 19.exf5 gxf5 20.Rhf1 Ne5 21.Nb6 Rb8
22.Nd5 b5 23.Nb4 Rcb6 24.Bxb6 Rxb6 25.cxb5 axb5 26.g5 f4 27.Rc7 Nd7 28.Bd3
h6 29.Rc8+ Kf7 30.Nc6 Bh3 31.Nd8+ Kf8 32.Ne6+ Kf7 33.Nxf4 1-0